Sports Quiz

Random Sports or Football Quiz

2010 BigTen NFL Draftee's Quiz Stats

 Plays Quiz not verified by Sporcle

Score 0/34 Timer 08:00
0 Plays Today
College Player % Correct
IllinoisArrelious Benn
66.3%
NorthwesternMike Kafka
53.8%
IowaBryan Bulaga
48.1%
IowaPat Angerer
44.2%
MichiganBrandon Graham
44.2%
MinnesotaEric Decker
42.3%
Wisconsin Garrett Graham
42.3%
MichiganZoltan Mesko
35.6%
Penn StateSean Lee
33.7%
IowaTony Moeaki
29.8%
Penn StateJared Odrick
24%
Penn StateAndrew Quarless
24%
Ohio StateKurt Coleman
17.3%
IndianaRodger Saffold
16.3%
Iowa A.J. Edds
15.4%
IowaAmari Spievey
14.4%
MichiganStevie Brown
13.5%
College Player % Correct
PurdueMike Neal
13.5%
WisconsinO'Brien Schofield
12.5%
Ohio StateThaddeus Gibson
10.6%
IowaKyle Calloway
9.6%
Penn StateJosh Hull
9.6%
NorthwesternCorey Wootton
9.6%
IllinoisJon Asamoah
8.7%
Michigan StateJeremy Ware
8.7%
Penn State Mickey Shuler
8.7%
Ohio StateDoug Worthington
8.7%
IndianaJammie Kirlew
7.7%
IndianaRay Fisher
6.7%
IllinoisMichael Hoomanawanui
6.7%
NorthwesternSherrick McManis
4.8%
Ohio StateAustin Spitler
4.8%
MinnesotaNathan Triplett
4.8%
Penn StateNavorro Bowman
3.8%

You're not logged in!

Compare scores with friends on all Sporcle quizzes.
OR
Log In

Show Comments

Extras

Top Quizzes Today


Score Distribution

Your Account Isn't Verified!

In order to create a playlist on Sporcle, you need to verify the email address you used during registration. Go to your Sporcle Settings to finish the process.

Report this User

Report this user for behavior that violates our Community Guidelines.

Details: